| 000 | 01672cab a2200265 4500 | ||
|---|---|---|---|
| 001 | X1039 | ||
| 008 | 090401t1993 xxu||||| |||| 00| 0 eng d | ||
| 035 | _a(Sirsi) u14355 | ||
| 041 | _aeng | ||
| 245 | _aIpswich BC and Ipswich Co-operative Society Limited and East Anglia Federal Co-operative Society Limited | ||
| 260 | _c1993 | ||
| 350 | _a0 | ||
| 490 |
_aPlanning Appeal Decisions _v(1993) 8 PAD 562-578(17) |
||
| 520 | _aInquiry 9-11 February 1993. Decision letter 11 June 1993. Warehouse extended to provide 11,900 sq m fllor space - serving as central distribution depot for supermerkat outlets of the Ipswich, Colchester, Chelmsford and Norwich Co-operative Societies - occupying a site of 2.5 ha forming part of the 16 Boss Hall Estates owned by the Ipswich Co-operative Society - enforcement notice servied by the Council - alleged breach of condition imposed on grant of permission to extend the warehouse - failure of Societies to observe restrictions on hours of operation - difference of views as to meaning and intent of conditions - use of correspondence passing between Societies` agents and Council to determine meaning and effect of conditions - disturbance from goods vehicles caused serious detriment to peaceful enjoyment of nearby residential properties - enforcement notice upheld. | ||
| 650 | _aENFORCEMENT NOTICE | ||
| 650 | _aHOURS OF OPERATION | ||
| 650 | _aPEACEFUL ENJOYMENT | ||
| 650 | _aPLANNING AND COMPENSATION ACT 1991 | ||
| 650 | _aPLANNING APPEAL | ||
| 650 | _aRETAIL WAREHOUSE | ||
| 650 | _aTOWN AND COUNTRY PLANNING ACT 1990 S174 | ||
| 690 | _aPLANNING LAW AND PRACTICE-CASE LAW | ||
| 942 | _n0 | ||
| 948 | _c04/03/1997 | ||
| 999 |
_c9339 _d9339 |
||